Modern manners : The complete guide to customs, etiquette and manners

Bibliographic Details
Main Author: TESSENSOHN
Format: Book
Published: Kuala Lumpur : Times Books International , 1992
Subjects:

MARC

LEADER 00000cam a2200000 7i4500
001 0000001138
005 20140110.0
020 0 0 |a 9812042938 
090 0 0 |a 395   |b TES 1992 
100 1 0 |a TESSENSOHN   |h Denyse 
245 1 0 |a Modern manners :   |b The complete guide to customs, etiquette and manners   |c Denyse Tessensohn 
260 0 0 |a Kuala Lumpur :   |b Times Books International ,   |c 1992 
300 |a 192 p. :   |b ill. ;   |c 20 cm. 
500 0 0 |a Includes index 
650 0 0 |a Etiquette 
650 0 0 |a Manners and customs 
998 |a JPSM 
999 |a 0000002132   |b Monograph   |c Open Shelf   |e Default branch